000 00447nam a2200169 a 4500
001 0000-8553
003 ELIB.Books
008 110520 1983
035 _a(ELIB.Books)0000-8699
082 _a241
_bOgl
100 _aOgleree, Thomas W.
245 _aThe Use of the Bible in Christian Ethics
260 _bPhiladelphia Fortress Press
_c1983
650 _aChristian Ethics
942 _2ddc
_cBK
998 _cbat
_e2011-05-20
999 _c8553
_d8553